书目信息 |
| 题名: |
蓝印花布
|
|
| 作者: | 祝勇 著 ;李玉祥 摄影 | |
| 分册: | ||
| 出版信息: | 北京 作家出版社 2003.06 |
|
| 页数: | 151页 | |
| 开本: | 21cm | |
| 丛书名: | ||
| 单 册: | ||
| 中图分类: | I267 , K892.455-64 | |
| 科图分类: | ||
| 主题词: | 风俗习惯--浙江省--摄影集 , 散文--中国--当代--作品集 | |
| 电子资源: | ||
| ISBN: | 7-5063-2558-6 | |
| 000 | 00863nam0 22002532 450 | |
| 001 | 192004003532 | |
| 005 | 20070905144857.70 | |
| 010 | @a7-5063-2558-6@dCNY35.00 | |
| 100 | @a20070602d2003 ekmy0chiy0121 ea | |
| 101 | 0 | @achi |
| 102 | @aCN@b110000 | |
| 105 | @aac z 000cy | |
| 200 | 1 | @a蓝印花布@Alan yin hua bu@f祝勇著文@g李玉祥摄影 |
| 210 | @a北京@c作家出版社@d2003.06 | |
| 215 | @a151页@c图 (部分彩图), 肖像@d21cm | |
| 330 | @a本书是一本出自一位作家、一位摄影家和一位画家的反映江南民风、民情以及山野水泽的艺术结集,作者足迹涉及苏州、木渎、藏书、锦溪、朱家角、金泽、平望、南浔、湖州、慈城等江南小城。 | |
| 606 | 0 | @a风俗习惯@y浙江省@j摄影集 |
| 606 | 0 | @a散文@y中国@z当代@j作品集 |
| 690 | @aI267@v4 | |
| 690 | @aK892.455-64@v4 | |
| 701 | 0 | @a祝勇@Azhu yong@4著 |
| 702 | 0 | @a李玉祥@Ali yu xiang@4摄影 |
| 801 | 0 | @aCN@c20070905 |
| 905 | @dI267@eZ917 | |
| 蓝印花布/祝勇著文/李玉祥摄影.-北京:作家出版社,2003.06 |
| 151页:图 (部分彩图), 肖像;21cm |
| ISBN 7-5063-2558-6:CNY35.00 |
| 本书是一本出自一位作家、一位摄影家和一位画家的反映江南民风、民情以及山野水泽的艺术结集,作者足迹涉及苏州、木渎、藏书、锦溪、朱家角、金泽、平望、南浔、湖州、慈城等江南小城。 |
| ● |
| 相关链接 |
|
|
|
正题名:蓝印花布
索取号:I267/Z917
 
预约/预借
| 序号 | 登录号 | 条形码 | 馆藏地/架位号 | 状态 | 备注 |
| 1 | 617955 | 206179552 | 社科二线422/422社科库 27排2列3层/ [索取号:I267/Z917] | 在馆 | |
| 2 | 617956 | 206179561 | 社科二线422/422社科库 27排2列3层/ [索取号:I267/Z917] | 在馆 | |
| 3 | 617957 | 206179570 | 社科二线422/422社科库 27排2列3层/ [索取号:I267/Z917] | 在馆 |